Estadísticas educacionales
Estadísticas educacionales de Honduras, correspondientes a 1965. Informa sobre: número de establecimientos de enseñanza, alumnos matriculados personal docente, resultado de los exámenes y otros. Ofrece información de los diferentes niveles de enseñanza: pre-escolar, primaria, secundaria, superior y...
Spremljeno u:
| Autor kompanije: | |
|---|---|
| Format: | Tekst |
| Izdano: |
Tegucigalpa :
|
| Teme: | |
| Oznake: |
Dodaj oznaku
Bez oznaka, Budi prvi tko označuje ovaj zapis!
|
MARC
| LEADER | 00000 a a2200000 04500 | ||
|---|---|---|---|
| 001 | 19998 | ||
| 003 | |||
| 040 | |a CRAI/IIS |c CRAI/IIS | ||
| 090 | |a 77300 | ||
| 110 | |a Honduras. Ministerio de Economía. Dirección General de Estadística y Censos | ||
| 245 | |a Estadísticas educacionales | ||
| 260 | |a Tegucigalpa : | ||
| 300 | |a 272 p. | ||
| 520 | |a Estadísticas educacionales de Honduras, correspondientes a 1965. Informa sobre: número de establecimientos de enseñanza, alumnos matriculados personal docente, resultado de los exámenes y otros. Ofrece información de los diferentes niveles de enseñanza: pre-escolar, primaria, secundaria, superior y especial. jmml | ||
| 650 | |a CUADROS ESTADISTICOS | ||
| 650 | |a EDUCACION | ||
| 650 | |a ESTADISTICAS EDUCACIONALES | ||
| 999 | |c 4320 |d 4320 | ||
